| 000 | 00670nam a2200229 i 4500 | ||
|---|---|---|---|
| 001 | bg | ||
| 100 | 1 | _aAST, Robert | |
| 245 | 1 | 0 |
_aArchitektura wybrzeża : _buwarunkowania i rozwój / _cRobert Ast. |
| 260 |
_aPoznań : _bWydaw. Politechniki Poznańskiej, _c1999. |
||
| 300 |
_a221 s. : _bil. (w tym kolor.), fot., mapy, rys. ; _c24 cm. |
||
| 504 | _aBibliogr. s. 213-217. | ||
| 650 | 9 |
_aArchitektura _xzagadnienia |
|
| 650 | 9 |
_aBrzegi morskie _xbudownictwo |
|
| 650 | 9 |
_aRzeki _xzagadnienia |
|
| 020 | _a8371430639 | ||
| 040 | _cBPK | ||
| 041 | 0 | _apl | |
| 080 | _a72:627 | ||
| 920 | _a83-7143-063-9 | ||
| 942 | _cKS | ||
| 008 | s pl f |000 0 pol | ||
| 999 |
_c37978 _d37978 |
||
| 856 |
_uhttp://koha.tu.koszalin.pl/cgi-bin/koha/opac-detail.pl?biblionumber=37978 _yKatalog online BPK |
||